Normal view MARC view
  • THEORY AND PROBLEMS OF THERMODYNAMICS

Entry Topical Term

Number of records used in: 1

001 - CONTROL NUMBER

  • control field: 74258

003 - CONTROL NUMBER IDENTIFIER

  • control field: NUST

005 - DATE AND TIME OF LATEST TRANSACTION

  • control field: 20210628205153.0

008 - FIXED-LENGTH DATA ELEMENTS

  • fixed length control field: 210628|| aca||aabn | a|a d

040 ## - CATALOGING SOURCE

  • Original cataloging agency: NUST
  • Transcribing agency: NUST

150 ## - HEADING--TOPICAL TERM

  • Topical term or geographic name entry element: THEORY AND PROBLEMS OF THERMODYNAMICS

670 ## - SOURCE DATA FOUND

  • Source citation: Work cat.: (NUST): ABBOTT, M.M,VAN NESS, H.C,NESS, H.C.VAN 74257, THEORY AND PROBLEMS OF THERMODYNAMICS INCLUDING 225 SOLVED PROBLEMS, 1981
© 2023 Central Library, National University of Sciences and Technology. All Rights Reserved.